| 000 | 01106nas a2200361 4500 | ||
|---|---|---|---|
| 001 | BR0703824 | ||
| 003 | BR-BrBNA | ||
| 005 | 20231205110929.0 | ||
| 007 | ta | ||
| 008 | 230509b bl.|||p| |||| 00| 00por d | ||
| 040 |
_aBR-BrBNA _bpor _cBiblioteca Nacional de Agricultura |
||
| 041 | _a(Pt) | ||
| 072 | _aL02; Q04 | ||
| 100 | 1 | _aAquino, A.A. | |
| 100 | 1 | _aBotaro, B.G. | |
| 100 | 1 | _aIkeda, F. dos S. | |
| 100 | 1 | _aRodrigues, P.H.M. | |
| 100 | 1 | _aMartins, M. de F. | |
| 100 | 1 | _aSantos, M.V. dos | |
| 245 | 1 | _aEfeito de níveis crescentes de uréia na dieta de vacas em lactação sobre a produção e a composição físico-química do leite | |
| 650 | _aGADO HOLANDÊS | ||
| 650 | _aVACA LEITEIRA | ||
| 650 | _aLACTAÇÃO | ||
| 650 | _aDIETA | ||
| 650 | _aCANA DE AÇÚCAR | ||
| 650 | _aURÉIA | ||
| 650 | _aPRODUÇÃO LEITEIRA | ||
| 650 | _aLEITE | ||
| 650 | _aCOMPOSIÇÃO QUÍMICA | ||
| 773 | 0 |
_tRevista Brasileira de Zootecnia (Brazil) _xISSN 1516-3598 _g(Jul-Aug 2007), v. 36(4) p. 881-887 _wBR0703824 |
|
| 909 |
_a202311 _bLúcia _c55 _dLúcia Elande |
||
| 942 |
_2AGRIS _n0 _cANA |
||
| 999 |
_c189812 _d189812 |
||